000 004810000a22001810004500
003 MACL
005 20150726142207.0
008 150726b xxu||||| |||| 00| 0 eng d
040 _aMACL
_cMACL
041 _aEnglish
082 _a330/BHA
100 _aBharadwaj, Krishna
_92591
245 _aIrrigation in India
_bAlternative Perspectives
260 _bIndian Council of Social Science Research
_c1990
_aDelhi
350 _a25
650 _aEconomics
_92592
942 _cBK
_k330
_2ddc
999 _c3841
_d3841